000 00562aam a2200205 4500
001 7372
003 Uk
005 20250609152614.0
006 m || d |
007 cr |||||||||||
008 040401s2004 enka ob 001 0 eng
020 _a0393004104
082 0 4 _a306 POW
100 1 _aPowermaker, Hortense.
245 1 0 _aStranger and friend :
_b the way of Anthropologist.
260 _aLondon :
_bW.W. Norton & Company,
_c1966.
300 _a313 p. :
_bill, :
_c26 cm.
504 _aIncludes bibliographical references and index.
942 _2ddc
_cMAIN
999 _c10337
_d10338